000
00352nam a2200133Ia 4500
003
GCL
008
140319s9999 xx 000 0 ara d
040
_a
GCL /
_c
GCL
082
0
4
_a
069
_b
ع م
245
1
0
_a
متحف التاريخ الطبيعى وسيلة اتصال
260
_a
[S.N] :
_b
دار المريخ للنشر
300
_a
92 ص
490
_a
999
_c
28803
_d
28803